000 00290pam a2200133 a 4500
020 _c
041 _aeng
082 _a536
_bSAH
100 _aSaha, M.N .
245 _aA Text Book of Heat
_hTextual Documents
260 _aMumbai
_bOrient Longman
_c1967
300 _a361p.
930 _a18557
999 _c95457
_d95457